000 00788cam a22002654a 4500
001 14308087
005 20180308084338.0
008 060321s2007 nyu 001 0 eng
010 _a 2006009595
020 _a0071475877 (alk. paper)
020 _a9780071475877 (alk. paper)
035 _a(OCoLC)ocm65197944
035 _a(OCoLC)65197944
040 _aDLC
_cDLC
_dBAKER
_dC#P
_dBTCTA
_dYDXCP
_dDLC
041 _aeng
042 _apcc
080 _a658.85 GSC
082 0 0 _a658.85 GSC
_222
100 1 _a54
101 _aMEN
245 1 4 _aThe pocket sales mentor :
_cGerhard Gschwandtner.
906 _a7
_bcbc
_corignew
_d1
_eecip
_f20
_gy-gencatlg
942 _2ddc
_cBK
999 _c44505
_d44505